00269nam a22000977a 4500008004100000082001600041100000800057245007400065260002300139300000900162230623b xxu||||| |||| 00| 0 eng d a328.75bFLO cFLO aThe Rulesbwith Joint Rules, Standing Orders and Florida Constitution aFloridabFLOc1994 a192p